LDR 00843nam a2200229 i 4500 001 000000180334 003 CaOOAMICUS 005 20090706000000.0 008 090706s1969 it u000 u ita u 013 $a157979 040 $aSeMil$bita 100 1 $aRosmini, Antonio,$c
.$0(OLS)http://semarc/name/405 245 10$a6 /$cAntonio Rosmini. 260 $aPadova :$bCEDAM,$c1969. 300 $aP. 1440-1676 ;$c25 cm. 773 0 $aRosmini, Antonio
$tFilosofia del diritto.$dPadova : CEDAM, 1967-1969.$w()21634 850 $aSeMil 852 $aSeMil$W1$xVenegono$y1$m2QA A 40$j272503$B131083$CSeMilBibl$Z2$F142983 $81 900 1 $aRosmini Serbati, Antonio. 996 $6245$a6$9(OLS)http://semarc/title/256223 996 $6260$aPadova :$bCEDAM$9(OLS)http://semarc/publisher/30274